000 00674nam a2200265Ia 4500
003 OSt
005 20221006160203.0
006 a|||||r|||| 00| 0
007 ta
008 221006b |||||||| |||| 00| 0 eng d
020 _a9788993285505
_c
_15.99
024 _a44,555
037 _bGift, Koren Embassy
_cTextual
040 _aEASL
_cEASL
_beng
041 _2eng
_aeng
082 _aP495, Q0
100 _aNA NA
_9672292
245 0 _aKimchigirls Korean lessons
260 _aNA
_bNA
_c2006
300 _a264p.
_ccm.
490 _v KEL
650 _aKEL
942 _hP495, Q0
_cTEXL
_2CC
999 _c1112647
_d1112647